000 00578nam a2200217Ia 4500
005 20230615140209.0
008 131103s9999 xx 000 0 und d
040 _aLoreto College
041 _aEnglish
082 _a930
_bLAM
100 _aLamb,Harold
245 _aCyrus the great
_cHarold Lamb
260 _aDoubleday & Co.
_bNew York
_c1960 (1963 printing)
300 _aviii,278 p.
504 _aIncludes bibliographical references and index
630 _aRome - Ancient History
650 _aCyrus
651 _aAncient History
850 _aLCLIB
942 _cBK
999 _c8581
_d59060